LIBRARY & INFORMATION CENTRE, KCAET, TAVANUR

ONLINE PUBLIC ACCESS CATALOGUE (OPAC)

Mechanical engineering craft studies / (Record no. 2180)

MARC details
000 -LEADER
fixed length control field 00455cam a2200181ua 4500
020 ## - INTERNATIONAL STANDARD BOOK NUMBER
ISBN 0 7131 2914x
041 ## - LANGUAGE CODE
Language code of text/sound track or separate title eng
082 ## - DEWEY DECIMAL CLASSIFICATION NUMBER
Classification number 621.8
Item number GRE/ME
100 ## - MAIN ENTRY--AUTHOR NAME
Personal name Greer, A .
245 ## - TITLE STATEMENT
Title Mechanical engineering craft studies /
250 ## - EDITION STATEMENT
Edition statement 2 /
260 ## - PUBLICATION, DISTRIBUTION, ETC. (IMPRINT)
Place of publication :
Name of publisher English Language Book Society ,
Year of publication 1984.
300 ## - PHYSICAL DESCRIPTION
Number of Pages 132 ; .
942 ## - ADDED ENTRY ELEMENTS (KOHA)
Koha item type Books
Holdings
Withdrawn status Lost status Damaged status Home library Current library Date acquired Full call number Accession Number Koha item type
      KAUAET KAUAET 10/09/1986 621.8 15751 Books
free website counter